Moderno puente de Martorell : supresión de cuatro puntos negros de la carretera provincial 243, de Vilafranca a Terrassa / I. Clopas Batlle supresión de cuatro puntos negros de la carretera provincial 243, de Vilafranca a Terrassa / I. Clopas Batlle
Publicado:
San Jorge, núm. 95 (juny 1975), pàg 99 :
MARC
| LEADER | 00000nam a2200000Ia 4500 | ||
|---|---|---|---|
| 001 | |||
| 008 | 160829s9999 xx 000 0 cat d | ||
| 100 | 1 | |a Clopas i Batlle, Isidre, |d 1913-2001 |9 24339 | |
| 245 | |a Moderno puente de Martorell : |b supresión de cuatro puntos negros de la carretera provincial 243, de Vilafranca a Terrassa / I. Clopas Batlle | ||
| 260 | |a San Jorge, núm. 95 (juny 1975), pàg 99 | ||
| 650 | 0 | |a Ponts |z Martorell (Catalunya) |x Disseny i construcció |9 33715 | |
| 650 | 0 | |a Carreteres |z Barcelona (Província) |x Disseny i construcció |9 42899 | |
| 650 | |a Carreteres |x Vilafranca del Penedès I |9 41770 | ||
| 650 | |a Carreteres |x Terrassa |9 41771 | ||
| 901 | |a Arxiu | ||
| 942 | |n 1 | ||
| 952 | |0 0 |1 0 |4 0 |7 1 |9 50457 |a Arxiu |b Arxiu |d 2016-12-01 |l 0 |r 2016-12-01 00:00:00 |w 2016-12-01 |y ARXIU | ||
| 999 | |c 54299 |d 54299 | ||